000 00562nam a22002057a 4500
005 20170304142603.0
008 170304b xxu||||| |||| 00| 0 eng d
020 _a8131603717
_c1250.00
040 _aLoreto College
041 _aEnglish
082 _a304.6
_bMAJ
100 _aMajumdar,P.K.
245 _aFundamentals of demography
_cP.K.Majumdar
260 _aJaipur
_bRawat Publications
_c2010
300 _axix,492p
_b24cm
504 _aIncludes bibliographical references and index
650 _aPopulation geography
850 _aLCLIB
942 _cBK
999 _c40927
_d91406